000 00301nam a2200097Ia 4500
001 641887
005 20250826153516.0
008 250824s9999 xx 000 0 und d
245 0 _aBaşıma Yıldırım Düştü! Olasılıkların İlginç Dünyası
_cJeffrey S. Rosenthal
260 _bTÜBİTAK YAYINLARI
999 _c641887
_d641887